ბათუმის შოთა რუსთაველის სახელმწიფო უნივერსიტეტის ბიბლიოთეკა

ქართული ეკონომიური აზროვნების ისტორიიდან : (ბიბ.ჩანაწერი № 63369)

000 -ლიდერი
ფიქსირებული სიგრძის საკონტროლო ველი 01032nam a22001817a 4500
003 - საკონტროლო ნომრის იდენტიფიკატორი
საკონტროლო ველი Ge_BSU
005 - ბოლო ოპერაციის თარიღი და დრო
საკონტროლო ველი 20250925185458.0
008 - ფიქსირებული სიგრძის მონაცემთა ელემენტები - ზოგადი ინფორმაცია
ფიქსირებული სიგრძის საკონტროლო ველი 250925s1969 ge ||||| |||| 00| 0 geo d
041 ## - ენის კოდი
Language code of text/sound track or separate title geo
080 ## - უნივერსალური ათობითი კლასიფიკაციის ინდექსი
Universal Decimal Classification number 330.(479.22) კ-17
100 ## - მთავარი ჩანაწერი - პიროვნების სახელი
Personal name კაკულია, რევაზ
9 (RLIN) 751
245 ## - ცნობა სათაურის შესახებ
Title ქართული ეკონომიური აზროვნების ისტორიიდან :
Remainder of title ფულად-საკრედიტო ურთიერთობის განვითარების საკითხები /
Statement of responsibility, etc რევაზ კაკულია.
264 ## - წარმოების, გამოცემის, დისტრიბუციის და სხვა ცნობები
გამოცემის, წარმოების, დისტრიბუციის... ადგილი თბილისი :
გამოცემის, წარმოების, დისტრიბუციის... სახელწოდება საბჭ. საქართველო,
გამოცემის, წარმოების, დისტრიბუციის... თარიღი 1969.
300 ## - ფიზიკური აღწერა
Extent 216 გვ. :
Other physical details ცხრილ. ;
Dimensions 21 სმ.
653 ## - INDEX TERM--UNCONTROLLED
Uncontrolled term ქართული ეკონომიური აზრის ისტორია
653 ## - INDEX TERM--UNCONTROLLED
Uncontrolled term ფულად-საკრედიტო ურთიერთობები საქართველოში.
942 ## - ADDED ENTRY ELEMENTS (KOHA)
Source of classification or shelving scheme
Koha item type წიგნი
ეგზემპლარები
ჩამოწერის სტატუსი დაკარგული ეგზემპლარის სტატუსი კლასიფიკაციის წყარო ან თაროზე გაწყობის სქემა დაზიანების სტატუსი არ გაიცემა მუდმივი მდებარეობა (დაცვის ადგილი) ამჟამინდელი ადგილსამყოფელი თაროზე განთავსების ადგილი შეძენის თარიღი ღირებულება, შესყიდვის ნორმალური ფასი სრული შენახვის შიფრი შტრიხკოდი ბოლო ოპერაციის თარიღი ეგზემპლარის მიმდევრობითი ნომერი (კეტერი?) ფასის ძალაში შესვლის თარიღი ეგზემპლარის სახეობა საჯარო შენიშვნა
          ბათუმის შოთა რუსთაველის სახელმწიფო უნივერსიტეტის მთავარი ბიბლიოთეკა ბათუმის შოთა რუსთაველის სახელმწიფო უნივერსიტეტის მთავარი ბიბლიოთეკა წიგნსაცავი 2025-09-25 1.88 330.(479.22) კ-17 72429 2025-09-25 72429 2025-09-25 წიგნი 1 ლ. 88 თ.
          ბათუმის შოთა რუსთაველის სახელმწიფო უნივერსიტეტის მთავარი ბიბლიოთეკა ბათუმის შოთა რუსთაველის სახელმწიფო უნივერსიტეტის მთავარი ბიბლიოთეკა წიგნსაცავი 2025-09-25 1.88 330.(479.22) კ-17 72431 2025-09-25 72431 2025-09-25 წიგნი 1 ლ. 88 თ.
          ბათუმის შოთა რუსთაველის სახელმწიფო უნივერსიტეტის მთავარი ბიბლიოთეკა ბათუმის შოთა რუსთაველის სახელმწიფო უნივერსიტეტის მთავარი ბიბლიოთეკა წიგნსაცავი 2025-09-25 1.88 330.(479.22) კ-17 72430 2025-09-25 72430 2025-09-25 წიგნი 1 ლ. 88 თ.